Normal view
MARC view
- Military history
Entry Topical Term
001 - CONTROL NUMBER
- control field: 131048
003 - CONTROL NUMBER IDENTIFIER
- control field: NUST
005 - DATE AND TIME OF LATEST TRANSACTION
- control field: 20251008183925.0
008 - FIXED-LENGTH DATA ELEMENTS
- fixed length control field: 251008|| aca||aabn | a|a d
040 ## - CATALOGING SOURCE
- Original cataloging agency: NUST
- Transcribing agency: NUST
150 ## - HEADING--TOPICAL TERM
- Topical term or geographic name entry element: Military history
- General subdivision: Chronology
670 ## - SOURCE DATA FOUND
- Source citation: Work cat.: (NUST)186149: Brownstone, David M. 131047, Timelines of war :, c1994.
